00145nam a2200061Ia 4500008004100000100001700041245002500058120527s9999 xx 000 0 und d aBilodeau, A. aAcquisition of skill